| 000 | 02484cam a2200493 i 4500 | ||
|---|---|---|---|
| 001 | 2371384 | ||
| 005 | 20211101141542.0 | ||
| 008 | 160118s2016 nyuaf 000 1 eng d | ||
| 020 |
_a9780316403436 (hbk.) : : _c$27.00 |
||
| 020 |
_a0316403431 (hbk.) : : _c$27.00 |
||
| 035 | _a2253259 | ||
| 035 | _a(OCoLC)935195821 | ||
| 035 | _a(OCoLC)ocn935195821 | ||
| 035 | _a2357204 | ||
| 035 | _a2360281 | ||
| 035 | _a2360281 | ||
| 040 |
_aBTCTA _beng _erda _cBTCTA _dYDXCP _dBDX _dWIM _dAZZPT _dJDP _dKGG _dUPZ _dTnLv ILS |
||
| 043 | _an-us-wa | ||
| 049 | _aIGAA | ||
| 082 | 0 | 4 |
_a813/.6 _223 |
| 092 | _aF | ||
| 100 | 1 |
_aSemple, Maria. _eauthor _95875739 |
|
| 245 | 1 | 0 |
_aToday will be different : _ba novel / _cMaria Semple. |
| 250 | _aFirst edition. | ||
| 264 | 1 |
_aNew York : _bLittle, Brown and Company, _c2016. |
|
| 300 |
_a259 pages, 16 unnumbered pages of plates : _bcolor illustrations ; _c23 cm |
||
| 336 | _atext | ||
| 337 | _aunmediated | ||
| 338 | _avolume | ||
| 520 | _aEleanor knows she's a mess. But today, she will tackle the little things. She will shower and get dressed. She will have her poetry and yoga lessons after dropping off her son, Timby. She won't swear. She will initiate sex with her husband, Joe. But before she can put her modest plan into action--life happens. Today, it turns out, is the day Timby has decided to fake sick to weasel his way into his mother's company. It's also the day Joe has chosen to tell his office--but not Eleanor--that he's on vacation. Just when it seems like things can't go more awry, an encounter with a former colleague produces a graphic memoir whose dramatic tale threatens to reveal a buried family secret. A hilarious, heart-filled story about reinvention, sisterhood, and how sometimes it takes facing up to our former selves to truly begin living. | ||
| 650 | 0 |
_aMothers and sons _vFiction. _95673695 |
|
| 650 | 0 |
_aAnimators _vFiction. _96432461 |
|
| 650 | 0 |
_aFamily secrets _vFiction. _95674538 |
|
| 650 | 7 |
_aFICTION / Contemporary Women _2bisacsh _95676127 |
|
| 650 | 7 |
_aFICTION / Family Life _2bisacsh _95679128 |
|
| 650 | 7 |
_aFICTION / Humorous _2bisacsh _95709832 |
|
| 650 | 7 |
_aFICTION / Literary _2bisacsh _95675423 |
|
| 651 | 0 |
_aSeattle (Wash.) _vFiction. _95675659 |
|
| 655 | 7 |
_aHumorous fiction. _2lcgft |
|
| 655 | 7 |
_aDomestic fiction. _2lcgft |
|
| 787 | 0 |
_nOCLC Work Id _ohttp://worldcat.org/entity/work/id/458680 |
|
| 942 |
_2ddc _cBOOK |
||
| 999 |
_c211711 _d211711 |
||
| 999 | _bF | ||